[Event "XXXII Memorial Edoardo Crespi B"]
[Site "Milano ITA"]
[Date "2011.12.11"]
[Round "6"]
[White "Kimbin, Richard Conrod"]
[Black "Bisignano, Giuseppe"]
[Result "1-0"]
[WhiteElo "1937"]
[BlackElo "1908"]
[PlyCount "95"]
[EventDate "2011.12.07"]

1. Nf3 Nc6 2. g3 e5 3. d3 d5 4. Bg2 Nf6 5. Nbd2 Bc5 6. c3 Be6 7. b4 Bd6 8. O-O
O-O 9. Re1 Qd7 10. e4 dxe4 11. dxe4 Rfd8 12. Ng5 h6 13. Nxe6 Qxe6 14. Qc2 Rd7
15. Nf1 Rad8 16. a3 Ne7 17. f4 exf4 18. gxf4 Ned5 19. e5 Bf8 20. c4 Nb6 21. c5
Nbd5 22. f5 Qe8 23. Bb2 Nh5 24. Rad1 c6 25. Bc1 a6 26. Qb3 Ndf4 27. Rxd7 Qxd7
28. e6 Qe7 29. Be4 Qg5+ 30. Ng3 Ne2+ 31. Rxe2 Qxc1+ 32. Kf2 Nxg3 33. exf7+ Kh8
34. Qxg3 Rd1 35. Bg2 Qc4 36. Be4 Qxf7 37. Qg6 Qc7 38. Qg3 Qxg3+ 39. hxg3 Kg8
40. Bc2 Rd8 41. Bb3+ Kh7 42. Re6 a5 43. Ke3 axb4 44. axb4 Ra8 45. Kf4 Ra3 46.
Re3 g5+ 47. fxg6+ Kxg6 48. Bc2+ 1-0

[Event "XXXII Memorial Edoardo Crespi B"]
[Site "Milano ITA"]
[Date "2011.12.11"]
[Round "6"]
[White "Lanni, Vincenzo"]
[Black "Trent, Alan M."]
[Result "1-0"]
[WhiteElo "1766"]
[BlackElo "1759"]
[PlyCount "54"]
[EventDate "2011.12.07"]

1. d4 Nf6 2. c4 c5 3. d5 e6 4. Bg5 Qa5+ 5. Qd2 Qxd2+ 6. Nxd2 Be7 7. h4 exd5 8.
Bxf6 Bxf6 9. cxd5 Bxb2 10. Rb1 Bc3 11. e4 O-O 12. Rb3 Bxd2+ 13. Kxd2 d6 14. f4
Nd7 15. Re3 Nf6 16. Nf3 a6 17. Bd3 b5 18. Ng5 g6 19. h5 c4 20. Bc2 Nxh5 21.
Rxh5 gxh5 22. e5 Bg4 23. Nxh7 Rfc8 24. Nf6+ Kg7 25. Rg3 dxe5 26. fxe5 Kh6 27.
Ke3 Rc5 1-0

[Event "XXXII Memorial Edoardo Crespi B"]
[Site "Milano ITA"]
[Date "2011.12.11"]
[Round "6"]
[White "Manansala, Eduardo"]
[Black "Marinc, Damir"]
[Result "1-0"]
[WhiteElo "1912"]
[BlackElo "2003"]
[PlyCount "91"]
[EventDate "2011.12.07"]

1. c4 e5 2. Nc3 Nc6 3. Nf3 d6 4. g3 Nge7 5. d3 g6 6. Bg5 Bg7 7. Nd5 h6 8. Bf6
Bxf6 9. Nxf6+ Kf8 10. Bg2 Nf5 11. Nd5 Ncd4 12. O-O c6 13. Nc3 Nxf3+ 14. Bxf3
Nd4 15. Bg2 Bg4 16. h3 Bd7 17. e3 Nf5 18. Qe1 Kg7 19. Rd1 h5 20. f4 exf4 21.
Rxf4 Re8 22. Qf2 Qe7 23. e4 Nh6 24. Rf1 Rf8 25. Ne2 Be6 26. b3 a6 27. d4 f6 28.
d5 Bd7 29. dxc6 bxc6 30. Qd4 Rad8 31. Rd1 Bc8 32. Rf2 Nf7 33. Nf4 Ne5 34. Rfd2
Rd7 35. Qc3 Bb7 36. Nd3 Rfd8 37. Qb4 c5 38. Qc3 Nc6 39. Nf4 Nd4 40. Ne2 Ne6 41.
h4 Nc7 42. Nf4 Qe5 43. Qxe5 fxe5 44. Nd3 Bc6 45. Bh3 Rf7 46. Nxe5 1-0

[Event "XXXII Memorial Edoardo Crespi B"]
[Site "Milano ITA"]
[Date "2011.12.11"]
[Round "6"]
[White "Marchini, Daniele"]
[Black "Sala, Giovanni"]
[Result "0-1"]
[WhiteElo "1813"]
[BlackElo "1985"]
[PlyCount "60"]
[EventDate "2011.12.07"]

1. d4 f5 2. g3 Nf6 3. Bg2 e6 4. c4 c6 5. Nf3 d5 6. b3 Bd6 7. O-O Qe7 8. Nc3 O-O
9. Bb2 Bd7 10. e3 Be8 11. Ne2 Nbd7 12. cxd5 exd5 13. Nf4 Ne4 14. Nd3 Bh5 15.
Qc1 Bxf3 16. Bxf3 g5 17. Bg2 f4 18. exf4 gxf4 19. Bxe4 Qxe4 20. Nc5 Qf5 21.
Nxd7 Qxd7 22. Ba3 Bxa3 23. Qxa3 f3 24. Kh1 Rae8 25. Rae1 Qh3 26. Qxf8+ Kxf8 27.
Rxe8+ Kxe8 28. Rg1 Kd7 29. b4 h5 30. a3 b6 0-1

[Event "XXXII Memorial Edoardo Crespi B"]
[Site "Milano ITA"]
[Date "2011.12.11"]
[Round "6"]
[White "Mondal, Prince"]
[Black "Pandini, Giuseppe"]
[Result "1-0"]
[WhiteElo "1786"]
[BlackElo "1785"]
[PlyCount "59"]
[EventDate "2011.12.07"]

1. e4 b6 2. d4 e6 3. Nf3 Bb7 4. Bd3 g6 5. Bf4 Bg7 6. Nbd2 Ne7 7. c3 d6 8. Nf1
Nd7 9. Ng3 a6 10. Qd2 h6 11. h4 Nf6 12. Qe2 Qd7 13. Bd2 Nc6 14. O-O-O Na7 15.
e5 Nd5 16. Ne4 Nc6 17. c4 Ndb4 18. Bb1 a5 19. exd6 cxd6 20. Bf4 O-O 21. Nxd6
Rad8 22. Nxb7 Qxb7 23. h5 g5 24. Qe4 f5 25. Qxe6+ Qf7 26. Qxf7+ Rxf7 27. Be5
Nxe5 28. Nxe5 Bxe5 29. dxe5 f4 30. Rxd8+ 1-0

[Event "XXXII Memorial Edoardo Crespi B"]
[Site "Milano ITA"]
[Date "2011.12.11"]
[Round "6"]
[White "Montilli, Vincenzo"]
[Black "Giallombardo, Federico"]
[Result "1-0"]
[WhiteElo "1777"]
[BlackElo "1906"]
[PlyCount "59"]
[EventDate "2011.12.07"]

1. d4 d6 2. c4 Nf6 3. Nc3 c6 4. e4 g6 5. Nf3 Bg4 6. Be2 Qc7 7. Be3 e5 8. d5 Bg7
9. b3 Bxf3 10. Bxf3 Nbd7 11. O-O a6 12. b4 c5 13. bxc5 Nxc5 14. Rc1 O-O 15.
Bxc5 Qxc5 16. Na4 Qa3 17. Nb6 Rad8 18. Qb3 Qc5 19. Na4 Qa7 20. Nb6 Nd7 21. Nxd7
Rxd7 22. Qb4 Rc8 23. Bg4 Rcc7 24. Bxd7 Rxd7 25. c5 dxc5 26. Qxc5 b6 27. Qc8+
Bf8 28. Rc6 Kg7 29. Rxb6 Qxb6 30. Qxd7 1-0

[Event "XXXII Memorial Edoardo Crespi B"]
[Site "Milano ITA"]
[Date "2011.12.11"]
[Round "6"]
[White "Moroni, Luca"]
[Black "Swannie, Douglas"]
[Result "0-1"]
[WhiteElo "1847"]
[BlackElo "1955"]
[PlyCount "42"]
[EventDate "2011.12.07"]

1. Nf3 d5 2. d4 Nc6 3. c3 Bg4 4. Bf4 e6 5. e3 Bd6 6. Bxd6 cxd6 7. Be2 Nf6 8.
Nbd2 e5 9. dxe5 dxe5 10. h3 Bh5 11. O-O O-O 12. Nh2 Bg6 13. Ng4 d4 14. Nxf6+
Qxf6 15. exd4 exd4 16. cxd4 Nxd4 17. Nf3 Nc2 18. Rb1 Rfd8 19. Qc1 Rac8 20. Qg5
Nd4 21. Rbe1 Nxf3+ 0-1

[Event "XXXII Memorial Edoardo Crespi B"]
[Site "Milano ITA"]
[Date "2011.12.11"]
[Round "6"]
[White "Motola, Jacopo"]
[Black "Scagliotti, Guglielmo"]
[Result "1-0"]
[WhiteElo "1903"]
[BlackElo "1777"]
[PlyCount "109"]
[EventDate "2011.12.07"]

1. e4 c5 2. Nf3 d6 3. d4 cxd4 4. Qxd4 Nc6 5. Bb5 Bd7 6. Bxc6 Bxc6 7. Nc3 e5 8.
Qd3 Be7 9. O-O h6 10. Be3 Nf6 11. h3 O-O 12. Rad1 Qc7 13. Nd2 Rfd8 14. f4 d5
15. exd5 Nxd5 16. Nxd5 Bxd5 17. Qf5 exf4 18. Bxf4 Qc5+ 19. Kh2 Be6 20. Qxc5
Bxc5 21. Ne4 Be7 22. Bd6 Kf8 23. Bxe7+ Kxe7 24. Nc5 Bd5 25. Rfe1+ Kf8 26. Re3
Bc6 27. Red3 Rxd3 28. Rxd3 Ke7 29. Rb3 b6 30. Re3+ Kd6 31. Ne4+ Kc7 32. Ng3 Re8
33. Rxe8 Bxe8 34. Nf5 g6 35. Nxh6 f5 36. Kg3 Kd6 37. Kf4 Ke6 38. g4 fxg4 39.
Nxg4 Bb5 40. Kg5 Ba4 41. b3 Bc6 42. c3 Be4 43. h4 b5 44. Ne3 Bb1 45. a3 a5 46.
c4 b4 47. axb4 axb4 48. Nd5 Bc2 49. Nxb4 Bxb3 50. c5 Kf7 51. c6 Be6 52. Nd3 Bd5
53. Ne5+ Kg7 54. c7 Be6 55. Nc6 1-0

[Event "XXXII Memorial Edoardo Crespi B"]
[Site "Milano ITA"]
[Date "2011.12.11"]
[Round "6"]
[White "Murli, Almerico"]
[Black "Villalba, Fernando"]
[Result "0-1"]
[WhiteElo "1804"]
[BlackElo "1865"]
[PlyCount "92"]
[EventDate "2011.12.07"]

1. e4 c5 2. Nf3 Nc6 3. d4 cxd4 4. Nxd4 g6 5. Nc3 Bg7 6. Be3 Nf6 7. Bc4 O-O 8.
Bb3 a5 9. a4 Nb4 10. e5 Ne8 11. Nf3 d6 12. exd6 Nxd6 13. Bd4 Bh6 14. O-O Bf5
15. Nh4 Bd7 16. Nf3 Qc7 17. Be5 Bc6 18. Nd4 Rad8 19. Nxc6 bxc6 20. Qe2 Qb7 21.
Rad1 Na6 22. Ne4 Nxe4 23. Qxe4 e6 24. Bd4 Bg7 25. Bxg7 Kxg7 26. Rd4 Qc7 27.
Rfd1 Nc5 28. Qe3 Nxb3 29. Qxb3 Rd5 30. c4 Rxd4 31. Rxd4 Qe5 32. Qd1 Rb8 33. Rd2
Rxb2 34. Qa1 Rb5 35. Qxe5+ Rxe5 36. Kf1 Re4 37. Rc2 Kf6 38. Rc3 Ke5 39. f3 Rd4
40. Ke2 Kd6 41. Rb3 Rxc4 42. Rb7 Rxa4 43. Rxf7 Ra2+ 44. Kd3 h5 45. Ra7 Rxg2 46.
Rxa5 e5 0-1

[Event "XXXII Memorial Edoardo Crespi B"]
[Site "Milano ITA"]
[Date "2011.12.11"]
[Round "6"]
[White "Pelizzola, Danilo"]
[Black "Mansueti, Marco"]
[Result "1/2-1/2"]
[WhiteElo "1978"]
[BlackElo "1852"]
[PlyCount "136"]
[EventDate "2011.12.07"]

1. e4 c5 2. Nf3 e6 3. c4 d5 4. exd5 exd5 5. d4 Nf6 6. Nc3 Nc6 7. Be3 Be6 8.
cxd5 Nxd5 9. Nxd5 cxd4 10. Nxd4 Qxd5 11. Nxe6 Bb4+ 12. Bd2 Qxe6+ 13. Qe2 Bxd2+
14. Kxd2 O-O-O+ 15. Kc1 Qh6+ 16. Qe3 Qxe3+ 17. fxe3 Rhe8 18. Kc2 Rxe3 19. Rc1
Nb4+ 20. Kb1+ Kb8 21. Bc4 f6 22. a3 Nc6 23. Rc2 Rde8 24. Rcc1 Rd8 25. Rc2 g6
26. Rhc1 Rd6 27. Ka2 a6 28. Bxa6 Nb4+ 29. axb4 Rxa6+ 30. Kb1 Rb6 31. Rc8+ Ka7
32. R8c7 Re2 33. R1c2 Rxc2 34. Rxc2 Rxb4 35. Rc7 Rh4 36. h3 Kb6 37. Rf7 f5 38.
Kc2 Kc6 39. Kd3 b5 40. Kc3 Kd6 41. Rb7 f4 42. Rf7 Ke6 43. Rf8 Ke7 44. Rb8 f3
45. gxf3 Rxh3 46. Kd4 Rxf3 47. Rb7+ Kd6 48. Rb6+ Kc7 49. Rxb5 Rf4+ 50. Ke3 Rf6
51. Ra5 Rb6 52. Ra2 Kd6 53. Kf4 h6 54. Ra4 Ke6 55. Re4+ Kf6 56. Re2 h5 57. Rc2
g5+ 58. Kf3 Rb5 59. Ke4 g4 60. Kf4 Rb4+ 61. Kg3 Rb5 62. Kh4 Rf5 63. b4 Ke6 64.
Rb2 Rb5 65. Rf2 Rxb4 66. Kxh5 Ke5 67. Kh4 Rf4 68. Rh2 Rd4 1/2-1/2

[Event "XXXII Memorial Edoardo Crespi B"]
[Site "Milano ITA"]
[Date "2011.12.11"]
[Round "6"]
[White "Petrone, Gianmario"]
[Black "Cerioni, Armando"]
[Result "1/2-1/2"]
[WhiteElo "1937"]
[BlackElo "1949"]
[PlyCount "53"]
[EventDate "2011.12.07"]

1. e4 c5 2. Nf3 e6 3. d4 cxd4 4. Nxd4 a6 5. Nc3 Qc7 6. Bd3 Nf6 7. O-O d6 8. Be3
Be7 9. a4 b6 10. f4 Bb7 11. Qe1 d5 12. e5 Ne4 13. Kh1 Nxc3 14. bxc3 Nd7 15. f5
Qxe5 16. fxe6 fxe6 17. Bf4 Qxe1 18. Raxe1 O-O 19. Nxe6 Rf7 20. Ng5 Rxf4 21.
Rxe7 Rxf1+ 22. Bxf1 Nc5 23. Ne6 Nxe6 24. Rxb7 Rf8 25. Kg1 Nc5 26. Rxb6 Nxa4 27.
Rxa6 1/2-1/2

[Event "XXXII Memorial Edoardo Crespi B"]
[Site "Milano ITA"]
[Date "2011.12.11"]
[Round "6"]
[White "Piantoni, Pierino"]
[Black "Sirletti, Sonia"]
[Result "1-0"]
[WhiteElo "1932"]
[BlackElo "1960"]
[PlyCount "77"]
[EventDate "2011.12.07"]

1. Nf3 Nf6 2. g3 d5 3. Bg2 c5 4. O-O Nc6 5. d3 e5 6. e4 d4 7. Nbd2 Be7 8. Nc4
Qc7 9. a4 Be6 10. Na3 Nd7 11. Ng5 Bxg5 12. Bxg5 f6 13. Bd2 a6 14. Bh3 Nf8 15.
b3 Rb8 16. Nc4 b5 17. axb5 axb5 18. Na5 Nxa5 19. Bxe6 Nxe6 20. Qg4 Kf7 21. Rxa5
Qb7 22. Rfa1 Ra8 23. f4 Rxa5 24. Rxa5 h5 25. Qd1 Nc7 26. fxe5 Qb6 27. Qf3 h4
28. Ra1 hxg3 29. Qxg3 Ne8 30. Qg4 Qc7 31. e6+ Ke7 32. Bf4 Qb6 33. Ra8 Qb7 34.
Qg6 Kxe6 35. Rxe8+ Rxe8 36. Qxe8+ Qe7 37. Qg8+ Kd7 38. Qd5+ Ke8 39. Bd6 1-0

[Event "XXXII Memorial Edoardo Crespi B"]
[Site "Milano ITA"]
[Date "2011.12.11"]
[Round "6"]
[White "Popovich, Fabio"]
[Black "Patrucco, Carlo"]
[Result "1-0"]
[WhiteElo "1847"]
[BlackElo "1884"]
[PlyCount "89"]
[EventDate "2011.12.07"]

1. e4 c5 2. Nc3 Nc6 3. d3 g6 4. g3 Bg7 5. Bg2 d6 6. f4 e6 7. Nf3 Nge7 8. O-O
O-O 9. Be3 b6 10. d4 cxd4 11. Nxd4 Nxd4 12. Bxd4 Bxd4+ 13. Qxd4 Nc6 14. Qd2 Qe7
15. f5 Rd8 16. Rad1 Ba6 17. Rf2 Ne5 18. f6 Qf8 19. b3 Rac8 20. Bf1 Bb7 21. Bd3
d5 22. exd5 Bxd5 23. Nxd5 Rxd5 24. Qe2 Qd6 25. Rd2 Rd8 26. Qe4 Nxd3 27. Rxd3
Rxd3 28. Qxd3 Qxd3 29. cxd3 h6 30. Rf3 g5 31. Kf2 Rc8 32. Ke3 Rc2 33. h4 Rxa2
34. Kd4 Ra5 35. h5 g4 36. Rf4 Rxh5 37. Rxg4+ Rg5 38. Rxg5+ hxg5 39. b4 a6 40.
Kc4 Kh7 41. d4 Kg6 42. d5 Kxf6 43. d6 e5 44. Kd5 e4 45. Kc6 1-0

[Event "XXXII Memorial Edoardo Crespi B"]
[Site "Milano ITA"]
[Date "2011.12.11"]
[Round "6"]
[White "Ranfagni, Stefano"]
[Black "Olivieri, Alessandro"]
[Result "0-1"]
[WhiteElo "1998"]
[BlackElo "1936"]
[PlyCount "78"]
[EventDate "2011.12.07"]

1. e4 d6 2. d4 Nf6 3. Nc3 g6 4. f4 Bg7 5. Nf3 c5 6. Bb5+ Bd7 7. Bxd7+ Nfxd7 8.
d5 b5 9. O-O b4 10. Ne2 Qb6 11. h3 O-O 12. Ng3 Na6 13. Qe2 c4+ 14. Kh2 Qc7 15.
Rb1 Nb6 16. Be3 Nc5 17. Bd4 b3 18. axb3 cxb3 19. c3 a5 20. Bxg7 Kxg7 21. Nd4 a4
22. f5 Nbd7 23. fxg6 fxg6 24. Qe3 Nf6 25. Rf4 a3 26. bxa3 Qb7 27. Rh4 Rxa3 28.
Rf1 b2 29. Qh6+ Kg8 30. Nh5 Rf7 31. Nf4 b1=Q 32. Rxb1 Qxb1 33. Nxg6 Ra1 34.
Nxe7+ Rxe7 35. Qxf6 Qg1+ 36. Kg3 Rg7+ 37. Rg4 Rxg4+ 38. Kxg4 Qxg2+ 39. Kf4
Qxe4+ 0-1

[Event "XXXII Memorial Edoardo Crespi B"]
[Site "Milano ITA"]
[Date "2011.12.11"]
[Round "6"]
[White "Rechi Montes, Xavier"]
[Black "Ganci, Stefano"]
[Result "1-0"]
[WhiteElo "1900"]
[BlackElo "1920"]
[PlyCount "83"]
[EventDate "2011.12.07"]

1. e4 Nc6 2. d4 e5 3. d5 Nce7 4. Nf3 Ng6 5. h4 h5 6. Bg5 Nf6 7. Nc3 d6 8. Bb5+
Bd7 9. Qd3 a6 10. Bxd7+ Qxd7 11. O-O-O Ng4 12. Qe2 f6 13. Bd2 Ne7 14. Nh2 Nxh2
15. Rxh2 g6 16. f3 Bg7 17. g4 O-O-O 18. Rg1 Kb8 19. Nd1 Rdg8 20. Ne3 Qe8 21. g5
f5 22. Nc4 Qd7 23. Be3 Rf8 24. Bf2 c5 25. dxc6 Qxc6 26. Rd1 d5 27. exd5 Nxd5
28. Nxe5 Qe6 29. f4 Rd8 30. Be1 Rhe8 31. c4 Nxf4 32. Nd7+ Kc8 33. Qxe6 Rxe6 34.
Rhd2 Rde8 35. Bg3 Re4 36. Nb6+ Kb8 37. Nd5 Rxc4+ 38. Kb1 Be5 39. Re1 Rd8 40.
Rxe5 Rdc8 41. Re1 Ka8 42. Nb6+ 1-0

[Event "XXXII Memorial Edoardo Crespi B"]
[Site "Milano ITA"]
[Date "2011.12.11"]
[Round "6"]
[White "Regorda, Vittorio"]
[Black "Lanzani, Giuliano"]
[Result "0-1"]
[WhiteElo "1844"]
[BlackElo "1953"]
[PlyCount "52"]
[EventDate "2011.12.07"]

1. d4 d5 2. c4 c6 3. Nf3 e6 4. g3 Nf6 5. Nbd2 Ne4 6. Bg2 Be7 7. O-O Bf6 8. Qc2
Nxd2 9. Bxd2 O-O 10. Rfe1 Na6 11. Rac1 Qe7 12. a3 Rd8 13. c5 e5 14. dxe5 Bxe5
15. Nxe5 Qxe5 16. Bf4 Qf6 17. Bd6 Bf5 18. Qc3 Qxc3 19. Rxc3 Rd7 20. b4 Nc7 21.
e3 Nb5 22. Be5 Nxc3 23. Bxc3 b6 24. Bd4 bxc5 25. Bxc5 a5 26. e4 dxe4 0-1

[Event "XXXII Memorial Edoardo Crespi B"]
[Site "Milano ITA"]
[Date "2011.12.11"]
[Round "6"]
[White "Riboldi, Raffaele"]
[Black "Cavalleri, Giuseppe"]
[Result "1-0"]
[WhiteElo "1887"]
[BlackElo "1812"]
[PlyCount "65"]
[EventDate "2011.12.07"]

1. d4 d5 2. c4 e6 3. Nc3 Nf6 4. cxd5 exd5 5. Bg5 Be7 6. e3 O-O 7. Bd3 c6 8. Qc2
h6 9. Bh4 Nbd7 10. Nge2 Re8 11. O-O Nf8 12. Rae1 Bg4 13. f3 Bd7 14. Kh1 Ne6 15.
Bf2 c5 16. Bf5 a6 17. e4 cxd4 18. Nxd4 Nxd4 19. Bxd4 Bxf5 20. exf5 Qd6 21. Re2
Rec8 22. Rfe1 Bd8 23. Qd3 Nh7 24. Be5 Qc6 25. Qxd5 Qxd5 26. Nxd5 Nf6 27. Nxf6+
gxf6 28. Bc3 Kg7 29. g4 b5 30. Rd1 h5 31. g5 b4 32. gxf6+ Bxf6 33. Rg2+ 1-0

[Event "XXXII Memorial Edoardo Crespi B"]
[Site "Milano ITA"]
[Date "2011.12.11"]
[Round "6"]
[White "Rossi, Giampiero"]
[Black "Gemelli, Giovanni"]
[Result "1-0"]
[WhiteElo "1910"]
[BlackElo "1759"]
[PlyCount "84"]
[EventDate "2011.12.07"]

1. d4 Nf6 2. c4 g6 3. g3 Bg7 4. Bg2 O-O 5. Nc3 d6 6. Nf3 c5 7. O-O e6 8. b3 Re8
9. Bb2 Nc6 10. e3 Rb8 11. Qd2 a6 12. Rfd1 b6 13. dxc5 dxc5 14. Qd6 Qxd6 15.
Rxd6 Bb7 16. Na4 Ba8 17. Ne1 Rec8 18. Rad1 Ne8 19. R6d2 Bxb2 20. Rxb2 Nc7 21.
Rbd2 Nb4 22. Bxa8 Nxa8 23. Nd3 Nxd3 24. Rxd3 b5 25. Nxc5 Rxc5 26. Rd8+ Rxd8 27.
Rxd8+ Kg7 28. Rxa8 bxc4 29. bxc4 Rxc4 30. Rxa6 Rc2 31. a4 Ra2 32. a5 Kf6 33.
Ra8 Ke5 34. a6 h5 35. a7 Ke4 36. Kg2 Ke5 37. Kf3 Kf5 38. h3 Ra3 39. Ke2 g5 40.
Rh8 Rxa7 41. Rxh5 Ra6 42. g4+ Kg6 1-0

[Event "XXXII Memorial Edoardo Crespi B"]
[Site "Milano ITA"]
[Date "2011.12.11"]
[Round "6"]
[White "Saffioti, Cristian"]
[Black "Cattaneo, Marco"]
[Result "1-0"]
[WhiteElo "1916"]
[BlackElo "1973"]
[PlyCount "87"]
[EventDate "2011.12.07"]

1. e4 c5 2. Nc3 Nc6 3. Bb5 Nd4 4. Bc4 g6 5. d3 Bg7 6. Nge2 d6 7. Nxd4 cxd4 8.
Ne2 Qb6 9. O-O Nf6 10. Bb3 O-O 11. h3 Nd7 12. Bg5 e5 13. c3 h6 14. Bd2 Nc5 15.
Bc4 Be6 16. cxd4 exd4 17. b4 Nxe4 18. Bxe6 Nxd2 19. Bxf7+ Rxf7 20. Qxd2 Raf8
21. Rac1 Qd8 22. a4 Qh4 23. f4 g5 24. Qa2 Kh8 25. Qd5 gxf4 26. Nxd4 f3 27. Nxf3
Qxb4 28. Rc4 Qb6+ 29. Kh1 Rf5 30. Qe6 Re5 31. Qd7 Rc5 32. Rg4 Rc7 33. Qe6 Rcf7
34. Re1 Qf2 35. Qg6 d5 36. d4 Rc7 37. Re8 Rxe8 38. Qxe8+ Kh7 39. Qg6+ Kh8 40.
Kh2 Qf1 41. Qe8+ Kh7 42. Ne5 Bxe5+ 43. Qxe5 Qf7 44. Rf4 1-0

[Event "XXXII Memorial Edoardo Crespi B"]
[Site "Milano ITA"]
[Date "2011.12.11"]
[Round "6"]
[White "Sottroi, Carlo"]
[Black "Miracola, Giorgia"]
[Result "0-1"]
[WhiteElo "1949"]
[BlackElo "1763"]
[PlyCount "140"]
[EventDate "2011.12.07"]

1. e4 c5 2. d4 cxd4 3. c3 Nf6 4. Bd3 dxc3 5. Nxc3 Nc6 6. Nf3 e6 7. O-O a6 8. h3
Qc7 9. Be3 Be7 10. Rc1 O-O 11. Ne2 Qd8 12. Bb1 b5 13. a3 Bb7 14. Ng3 Rc8 15.
Qd3 g6 16. Rfd1 d5 17. Qe2 Na5 18. e5 Nd7 19. Bh6 Re8 20. Rxc8 Bxc8 21. Qe3 Nc4
22. Qe2 Bf8 23. Bg5 Be7 24. Bh6 Bf8 25. Bg5 Qc7 26. Re1 Bg7 27. Bf4 Bb7 28. Ba2
Rc8 29. Nf1 Ndb6 30. Bg3 Na4 31. Bxc4 dxc4 32. N3h2 Nc5 33. f4 Nd3 34. Rd1 Qc5+
35. Kh1 Bh6 36. Ng4 Bxf4 37. Nf6+ Kg7 38. Rxd3 cxd3 39. Qg4 Bxe5 40. Nd7 Bxg2+
41. Kh2 Bxg3+ 42. Nxg3 f5 43. Qg5 Qd4 44. Qe7+ Kh6 45. Qf7 Rd8 46. Nf6 Rh8 47.
Ng8+ Rxg8 48. Qxg8 d2 49. Qf8+ Qg7 50. Qd6 Bd5 51. Qf4+ g5 52. Qxd2 f4 53. Nf5+
exf5 54. Qxd5 Qxb2+ 55. Kg1 Qc1+ 56. Kh2 Qb2+ 57. Kg1 Qf6 58. Qd7 g4 59. hxg4
fxg4 60. Qd2 g3 61. a4 bxa4 62. Kg2 Kg5 63. Qd5+ Qf5 64. Qd8+ Kg6 65. Qd6+ Qf6
66. Qd3+ Kh6 67. Qd2 Qc6+ 68. Kg1 Qb6+ 69. Kh1 Qb1+ 70. Kg2 Qe4+ 0-1

[Event "XXXII Memorial Edoardo Crespi B"]
[Site "Milano ITA"]
[Date "2011.12.11"]
[Round "6"]
[White "Virzi, Ettore"]
[Black "Alberio, Silvio"]
[Result "1-0"]
[WhiteElo "1966"]
[BlackElo "1755"]
[PlyCount "81"]
[EventDate "2011.12.07"]

1. e4 e6 2. d4 d5 3. Nc3 Bb4 4. e5 Ne7 5. a3 Bxc3+ 6. bxc3 c5 7. Qg4 Qc7 8.
Qxg7 Rg8 9. Qxh7 cxd4 10. Ne2 Nbc6 11. f4 Bd7 12. Qd3 dxc3 13. Rb1 Na5 14. Qxc3
Rc8 15. Qxc7 Rxc7 16. Nd4 a6 17. g3 Ba4 18. Bd3 Nac6 19. Be3 Nxd4 20. Bxd4 Nc6
21. Bb6 Rc8 22. Kd2 Ne7 23. c3 Kd7 24. Bd4 Bc6 25. Rbg1 Nf5 26. g4 Nxd4 27.
cxd4 Ke7 28. h4 Bd7 29. h5 Bb5 30. g5 Bxd3 31. Kxd3 Rc4 32. Rc1 b5 33. Rxc4
bxc4+ 34. Kc3 Rb8 35. h6 Kf8 36. Kc2 a5 37. Rb1 Rxb1 38. Kxb1 a4 39. Kc2 Kg8
40. Kc3 Kh7 41. Kb4 1-0

[Event "XXXII Memorial Edoardo Crespi B"]
[Site "Milano ITA"]
[Date "2011.12.11"]
[Round "7"]
[White "Alberio, Silvio"]
[Black "Sottroi, Carlo"]
[Result "1-0"]
[WhiteElo "1755"]
[BlackElo "1949"]
[PlyCount "71"]
[EventDate "2011.12.07"]

1. d4 Nf6 2. c4 g6 3. Nc3 Bg7 4. e4 d6 5. Be2 c6 6. Nf3 O-O 7. O-O Na6 8. h3
Bd7 9. Re1 Qa5 10. Bd2 Qb6 11. Rb1 Rac8 12. b4 Qd8 13. Bf4 c5 14. bxc5 dxc5 15.
Rxb7 cxd4 16. Nd5 Nxd5 17. exd5 Nc5 18. Rxa7 Qb6 19. Ra3 Bf5 20. Nxd4 Ne4 21.
Be3 Qb2 22. Nxf5 gxf5 23. Bc1 Qb6 24. Be3 Qb2 25. Qc1 Qf6 26. Bf3 Nc5 27. Bg5
Qb2 28. Rxe7 Qb4 29. Re2 Rfe8 30. Rae3 Rxe3 31. Bxe3 Nd3 32. Qc2 Qxc4 33. Qxc4
Rxc4 34. d6 Be5 35. d7 Bc7 36. Bh6 1-0

[Event "XXXII Memorial Edoardo Crespi B"]
[Site "Milano ITA"]
[Date "2011.12.11"]
[Round "7"]
[White "Arnold, Daniele"]
[Black "Guzzetti, Luigi Enrico"]
[Result "1/2-1/2"]
[WhiteElo "1824"]
[BlackElo "1928"]
[PlyCount "148"]
[EventDate "2011.12.07"]

1. e4 c5 2. Nf3 e6 3. d4 cxd4 4. Nxd4 a6 5. Nc3 Qc7 6. Bd3 Nf6 7. O-O Nc6 8.
Nb3 Be7 9. f4 d6 10. Be3 O-O 11. g4 b5 12. g5 Nd7 13. Qh5 b4 14. Rf3 Re8 15.
Rh3 Nf8 16. Ne2 g6 17. Qh4 f5 18. gxf6 Bd8 19. f5 Qf7 20. fxg6 Nxg6 21. Qh6
Nce5 22. Rg3 Bxf6 23. Rf1 Qg7 24. Qh5 Bd7 25. Bh6 Qe7 26. Nf4 Kh8 27. Nd2 Nxf4
28. Bxf4 Nxd3 29. cxd3 e5 30. Bg5 Rf8 31. h4 Bxg5 32. Rxf8+ Rxf8 33. hxg5 Be8
34. Qg4 Rg8 35. Nf3 Qa7+ 36. Kh2 Qf7 37. Qf5 Rf8 38. Qxf7 Bxf7 39. a3 a5 40.
axb4 axb4 41. Kg2 Rc8 42. Kh3 Kg7 43. Nh4 Bg8 44. Kh2 Rc2+ 45. Rg2 b3 46. Kg3
d5 47. exd5 Bxd5 48. Rf2 Rxf2 49. Kxf2 Kf7 50. Ke3 Ke6 51. d4 e4 52. Kf4 Bc6
53. Nf5 Bb7 54. Ng3 Kd5 55. Ke3 Ke6 56. Nxe4 Bd5 57. Nf6 Bc4 58. Nxh7 Kf5 59.
Nf8 Kxg5 60. Ke4 Kf6 61. d5 Ke7 62. Ng6+ Kd6 63. Nf4 Ba6 64. Kd4 Bb7 65. Kc4
Ke5 66. Nd3+ Kd6 67. Nb4 Ba8 68. Kxb3 Kc5 69. Na6+ Kb6 70. d6 Kc6 71. Nc7 Bb7
72. Ne8 Kd7 73. Kc4 Kxe8 74. Kc5 Kd7 1/2-1/2

[Event "XXXII Memorial Edoardo Crespi B"]
[Site "Milano ITA"]
[Date "2011.12.11"]
[Round "7"]
[White "Bisignano, Giuseppe"]
[Black "Riboldi, Raffaele"]
[Result "1/2-1/2"]
[WhiteElo "1908"]
[BlackElo "1887"]
[PlyCount "129"]
[EventDate "2011.12.07"]

1. e4 e6 2. d4 d5 3. Nc3 Bb4 4. e5 c5 5. Bd2 Ne7 6. Nf3 Nbc6 7. Nb5 Bxd2+ 8.
Qxd2 O-O 9. dxc5 Ng6 10. b4 Ngxe5 11. Nbd4 Nxf3+ 12. Nxf3 Qf6 13. Rb1 a6 14.
Be2 d4 15. O-O e5 16. Bd3 Bf5 17. Rfe1 Rfe8 18. Be4 Bxe4 19. Rxe4 Qd8 20. a4 f5
21. Re2 e4 22. b5 exf3 23. Rxe8+ Qxe8 24. bxc6 Qg6 25. g3 Qxc6 26. Qxd4 Re8 27.
h4 Rc8 28. Qf4 Qd5 29. c4 Qe4 30. Qxe4 fxe4 31. Re1 Re8 32. g4 Kf7 33. Rb1 Re7
34. Rb6 Rc7 35. Kh2 Rxc5 36. Rxb7+ Kf8 37. Rb6 Ra5 38. Rb4 Ke7 39. Kg3 Kd6 40.
c5+ Ke5 41. c6 Rc5 42. Rb7 Rxc6 43. Rxg7 h6 44. h5 Rc1 45. Re7+ Kd4 46. Kf4 Re1
47. Re6 Kd3 48. g5 hxg5+ 49. Kxg5 Ke2 50. h6 Rg1+ 51. Kf4 Kxf2 52. Rxe4 Rh1 53.
Re6 Rh4+ 54. Kg5 Kg3 55. Re3 Rg4+ 56. Kf5 Rxa4 57. h7 Rh4 58. Kg6 Kg2 59. Re5
f2 60. Rg5+ Kh2 61. Rf5 Kg3 62. Kg7 Kg2 63. Rg5+ Kh2 64. Rf5 Kg2 65. Rg5+
1/2-1/2

[Event "XXXII Memorial Edoardo Crespi B"]
[Site "Milano ITA"]
[Date "2011.12.11"]
[Round "7"]
[White "Bonassi, Tommaso"]
[Black "Montilli, Vincenzo"]
[Result "1-0"]
[WhiteElo "1843"]
[BlackElo "1777"]
[PlyCount "79"]
[EventDate "2011.12.07"]

1. e4 c5 2. Nf3 d6 3. d4 cxd4 4. Nxd4 Nf6 5. Nc3 a6 6. Bc4 Nbd7 7. Be3 e6 8.
Bb3 Nc5 9. f3 b5 10. Qd2 Bb7 11. O-O-O Rc8 12. g4 Nfd7 13. h4 Be7 14. g5 Qc7
15. Kb1 Nxb3 16. axb3 Ne5 17. Qg2 b4 18. Na4 Nd7 19. h5 d5 20. g6 hxg6 21. hxg6
Rxh1 22. gxf7+ Kxf7 23. Rxh1 dxe4 24. fxe4 Qe5 25. Rf1+ Bf6 26. Nf3 Qc7 27. Qd2
Ke8 28. e5 Nxe5 29. Nxe5 Qxe5 30. Qxb4 Be4 31. Bc5 Rb8 32. Qc4 Qd5 33. Qe2 Qc6
34. Qh5+ Kd8 35. Rd1+ Kc8 36. Rd6 Qc7 37. Qe8+ Kb7 38. Qxe6 Bc6 39. Bb6 Qc8 40.
Qf7+ 1-0